TV Show Characters V Quiz Stats

 Plays Quiz Updated Apr 7, 2015

Score 0/25 Timer 06:00
2 Plays Today
% Correct
Spock (Star Trek)
95.3%
Phoebe Buffay (Friends)
89.4%
Meg Griffin (Family Guy)
82.4%
ALF (ALF)
82.4%
Dwight Schrute (The Office)
77%
Penny (The Big Bang Theory)
72.4%
Elaine Benes (Seinfeld)
71.3%
Morticia Addams (The Addams Family)
67.6%
Gilligan (Gilligan's Island)
67%
Bender Bending Rodriguez (Futurama)
66.5%
Philip Banks (The Fresh Prince of Bel-Air)
64.6%
Jack Bauer (24)
64%
Dawson Leery (Dawson's Creek)
56.3%
% Correct
Sam Malone (Cheers)
52.1%
Arya Stark (Game of Thrones)
50.9%
B.A. Baracus (The A-Team)
47.6%
George Jefferson (The Jeffersons)
45.7%
Suzanne 'Crazy Eyes' Warren (Orange is the New Black)
42.8%
Daryl Dixon (The Walking Dead)
36.6%
Arnold Jackson (Diff'rent Strokes)
32.3%
Peggy Olson (Mad Men)
29.9%
Tina Belcher (Bob's Burgers)
24.6%
Annie Edison (Community)
22.3%
Violet Crawley, Dowager Countess of Grantham (Downton Abbey)
16.9%
Roy Trenneman (The IT Crowd)
7.3%

You're not logged in!

Compare scores with friends on all Sporcle quizzes.
OR
Log In

Show Comments

Extras

Top Quizzes Today


Score Distribution

Your Account Isn't Verified!

In order to create a playlist on Sporcle, you need to verify the email address you used during registration. Go to your Sporcle Settings to finish the process.

Report this User

Report this user for behavior that violates our Community Guidelines.

Details: